Build Your own Websie The Right Way using HTML & CSS (Record no. 249)

MARC details
000 -LEADER
fixed length control field 00556nam a22001937a 4500
003 - CONTROL NUMBER IDENTIFIER
control field OSt
005 - DATE AND TIME OF LATEST TRANSACTION
control field 20210128110606.0
008 - FIXED-LENGTH DATA ELEMENTS--GENERAL INFORMATION
fixed length control field 140717b xxu||||| |||| 00| 0 eng d
020 ## - INTERNATIONAL STANDARD BOOK NUMBER
International Standard Book Number 9780975240298
040 ## - CATALOGING SOURCE
Transcribing agency DLNM
082 ## - DEWEY DECIMAL CLASSIFICATION NUMBER
Edition number 006.7 LLO 2006
100 ## - MAIN ENTRY--PERSONAL NAME
Personal name Lloyd, Ian
9 (RLIN) 680
245 ## - TITLE STATEMENT
Title Build Your own Websie The Right Way using HTML & CSS
260 ## - PUBLICATION, DISTRIBUTION, ETC. (IMPRINT)
Place of publication, distribution, etc. Australia:
Name of publisher, distributor, etc. Sitepoint,
Date of publication, distribution, etc. 2006.
300 ## - PHYSICAL DESCRIPTION
Extent xxvi,488 p. :
Other physical details col.ill ;
Dimensions 26 cm.
504 ## - BIBLIOGRAPHY, ETC. NOTE
Bibliography, etc Includes Bibliographic references and Index.
650 ## - SUBJECT ADDED ENTRY--TOPICAL TERM
Topical term or geographic name as entry element Website Development
9 (RLIN) 681
942 ## - ADDED ENTRY ELEMENTS (KOHA)
Source of classification or shelving scheme Other/Generic Classification Scheme
Koha item type Book Bank
Holdings
Withdrawn status Lost status Source of classification or shelving scheme Damaged status Not for loan Home library Current library Date acquired Source of acquisition Inventory number Total Checkouts Full call number Barcode Date last seen Koha item type
    Dewey Decimal Classification     MUST Main Library MUST Main Library 17/07/2014 Purchase 11/34678   006.7 LLO 2006 2014-0940 17/07/2014 Open Shelf